=LDR 00000nam 2200000 4500 =001 INLIS000000000001919 =005 20130612090310 =008 ***********************************Ind** =035 ##$$0010-061300000001919 =041 ##$$a Ind =082 ##$$a 613.85 =090 ##$$a 613.85, Tar c =100 ##$$a Target, George =245 ##$$a Cara berhenti merokok, George Target =260 ##$$a 1991 $b Jakarta =300 ##$$a 156 hlm, 20 cm =650 ##$$a Merokok =850 ##$$a NBPNMAT